|
|
|
|
| LEADER |
01565nam a2200421 a 4500 |
| 001 |
000562669 |
| 003 |
CZ BrMZK |
| 005 |
20070604103029.0 |
| 007 |
ta |
| 008 |
000115s2001 xr e p cze d |
| 015 |
|
|
|a cnb001004181
|
| 020 |
|
|
|a 80-7251-057-6
|
| 035 |
|
|
|a (OCoLC)48709071
|
| 040 |
|
|
|a BOA001
|b cze
|
| 043 |
|
|
|a e-xr---
|
| 072 |
|
7 |
|a 342
|x Ústavní právo. Správní právo
|2 Konspekt
|9 16
|
| 072 |
|
7 |
|a 37.016
|x Učební osnovy. Vyučovací předměty. Učebnice
|2 Konspekt
|9 22
|
| 080 |
|
|
|a 342.7
|2 MRF
|
| 080 |
|
|
|a 351.74
|2 MRF
|
| 080 |
|
|
|a 342.22
|2 MRF
|
| 080 |
|
|
|a (437.3)
|2 MRF
|
| 080 |
|
|
|a (075.8)
|2 MRF
|
| 100 |
1 |
|
|a Zoubek, Vladimír,
|d 1952-
|7 jn19981002446
|
| 245 |
1 |
0 |
|a Lidská práva a policie (v kontextu právního státu) /
|c Vladimír Zoubek, Pavel Bílek
|
| 250 |
|
|
|a Vyd. 1.
|
| 260 |
|
|
|a Praha :
|b Vydavatelství PA ČR,
|c 2001
|
| 300 |
|
|
|a 152 s. ;
|c 29 cm
|
| 500 |
|
|
|a Bibliogr.
|
| 500 |
|
|
|a Vydavatel: Policejní akademie České republiky, Katedra veřejnoprávních disciplín
|
| 650 |
0 |
7 |
|a lidská práva
|7 ph122331
|z Česko
|2 czenas
|
| 650 |
0 |
7 |
|a policie
|7 ph124228
|z Česko
|2 czenas
|
| 650 |
0 |
7 |
|a právní stát
|7 ph124719
|z Česko
|2 czenas
|
| 655 |
|
7 |
|a učebnice vysokých škol
|7 fd133772
|2 czenas
|
| 700 |
1 |
|
|a Bílek, Pavel,
|d 1972-
|7 jn20001227646
|
| 710 |
2 |
|
|a Policejní akademie České republiky.
|b Katedra veřejnoprávních disciplín
|7 ko2002159776
|
| 910 |
|
|
|a BOA001
|b 4-1085.927
|
| 990 |
|
|
|a BK
|
| 996 |
6 |
|
|b 2610135987
|c 4-1085.927
|l MZK
|r Sklad / do 1 hodiny
|n 6
|p p.v.
|w 000562669
|u 000010
|a 1
|e BOA001
|j MZK50
|s P
|